[Event "Neckar op 2nd"]
[Site "Deizisau"]
[Date "1998.04.11"]
[Round "7"]
[White "Einwiller, Dieter"]
[Black "Ginsburg, Gennadij"]
[Result "0-1"]
[WhiteElo "2205"]
[BlackElo "2470"]
[PlyCount "72"]
[EventDate "1998.04.05"]
[Source "www.chesslib.no"]
[SourceDate "2004.05.04"]

1. c4 e6 2. Nc3 d5 3. d4 Nf6 4. Bg5 c5 5. dxc5 Bxc5 6. e3 d4 7. exd4 Bxd4 8. Qd2 h6 9. Bh4 Bb6 10. Bd3 Nc6 11. Nf3 Nb4 12. Rd1 Nxd3+ 13. Qxd3 Qxd3 14. Rxd3 Bd7 15. Ne5 Bc6 16. Nxc6 bxc6 17. Bxf6 gxf6 18. O-O Ke7 19. Rfd1 Rad8 20. Kf1 f5 21. Ke2 Rhg8 22. g3 Rxd3 23. Rxd3 e5 24. Na4 Bd4 25. Rb3 Rd8 26. Rb7+ Rd7 27. Rb8 e4 28. h3 h5 29. h4 Kf6 30. Rh8 f4 31. gxf4 Kf5 32. Rxh5+ Kxf4 33. Rh7 e3 34. fxe3+ Bxe3 35. Ke1 Kf3 36. Nc3 Bd2+ 0-1

[Event "Sueder Sommer op 11th"]
[Site "Recklinghausen"]
[Date "2000.07.25"]
[Round "4"]
[White "Genkin, Michael"]
[Black "Inkiov, Ventzislav"]
[Result "0-1"]
[WhiteElo "2255"]
[BlackElo "2416"]
[PlyCount "74"]
[EventDate "2000.07.22"]
[Source "www.chesslib.no"]
[SourceDate "2004.05.04"]

1. d4 Nf6 2. c4 e6 3. Nc3 d5 4. Bg5 c5 5. e3 cxd4 6. exd4 Be7 7. Nf3 O-O 8. Bd3 dxc4 9. Bxc4 a6 10. a4 Nc6 11. O-O Nb4 12. Qe2 Bd7 13. Rfd1 Bc6 14. Bxf6 Bxf6 15. Ne5 Bxe5 16. Qxe5 Qh4 17. Qc5 a5 18. Bb5 Rfc8 19. Bxc6 Rxc6 20. Qe5 h6 21. Rac1 b6 22. g3 Qg4 23. Kg2 Rac8 24. Qe3 Qf5 25. Kg1 Nd5 26. Nxd5 Qxd5 27. Rxc6 Rxc6 28. Rd3 Rd6 29. Rb3 Qc4 30. Qc3 Qxa4 31. Qc8+ Kh7 32. Rf3 f5 33. Rf4 Rc6 34. Qf8 Rc1+ 35. Kg2 Qd1 36. Kh3 Qf1+ 37. Kh4 Qg2 0-1

[Event "DEN Ch int U18"]
[Site "Ringsted"]
[Date "1992.??.??"]
[Round "3"]
[White "Silseth, Simon"]
[Black "Pedersen, Steffen"]
[Result "1/2-1/2"]
[WhiteElo "2345"]
[BlackElo "2325"]
[PlyCount "59"]
[EventDate "1992.??.??"]
[Source "www.chesslib.no"]
[SourceDate "2004.05.04"]

1. c4 e6 2. Nc3 d5 3. d4 Nf6 4. Bg5 c5 5. cxd5 cxd4 6. Qxd4 Be7 7. e4 Nc6 8. Bb5 O-O 9. Bxc6 bxc6 10. Nge2 cxd5 11. e5 Nd7 12. Bxe7 Qxe7 13. O-O Ba6 14. f4 Rfb8 15. Rf2 Rb4 16. Qd2 Rab8 17. b3 Nc5 18. Nd4 Qc7 19. Qe3 Nd3 20. Rc2 Qb6 21. Nce2 Nxf4 22. Qxf4 Bxe2 23. Rac1 Bb5 24. Rc5 Be8 25. a3 Rc4 26. R1xc4 dxc4 27. Rxc4 Rd8 28. h4 h6 29. Kh2 Rd5 30. b4 1/2-1/2

[Event "Saint John op-1"]
[Site "Saint John"]
[Date "1988.??.??"]
[Round "?"]
[White "Stone, Raymond"]
[Black "Lindsay, Fred"]
[Result "1/2-1/2"]
[WhiteElo "2415"]
[BlackElo "2250"]
[PlyCount "81"]
[EventDate "1988.01.??"]
[Source "ChessBase"]

1. d4 d5 2. c4 e6 3. Nc3 Nf6 4. Bg5 c5 5. cxd5 cxd4 6. Qxd4 Be7 7. e4 Nc6 8. Qd2 exd5 9. Bxf6 Bxf6 10. Nxd5 O-O 11. Ne2 Re8 12. Nec3 Bf5 13. Bd3 Bxc3 14. Nxc3 Bg6 15. Rd1 Qa5 16. O-O Rad8 17. Qc1 Nd4 18. f3 b5 19. Kh1 f6 20. Ne2 Bf7 21. Nxd4 Rxd4 22. Qc3 Qxc3 23. bxc3 Rxd3 24. Rxd3 Bc4 25. Rdd1 Bxf1 26. Rxf1 Rd8 27. h4 Rd2 28. Ra1 Rd6 29. Kh2 Rc6 30. Rc1 Rc4 31. Kg3 b4 32. Kf4 bxc3 33. Ke3 Ra4 34. Rc2 h5 35. Kd3 Ra3 36. Kc4 a5 37. Kb5 Kf7 38. f4 Ke6 39. Re2 Kd6 40. Rc2 Ke6 41. Re2 1/2-1/2

[Event "Boeblingen"]
[Site "Boeblingen"]
[Date "1988.??.??"]
[Round "?"]
[White "Glatt, Gabor"]
[Black "Vegh, Endre"]
[Result "0-1"]
[WhiteElo "2250"]
[BlackElo "2395"]
[PlyCount "34"]
[EventDate "1988.??.??"]
[Source "www.chesslib.no"]
[SourceDate "2004.05.04"]

1. d4 d5 2. c4 e6 3. Nc3 Nf6 4. Bg5 c5 5. cxd5 cxd4 6. Qxd4 Be7 7. e4 Nc6 8. Qe3 Nb4 9. Bb5+ Bd7 10. Bxd7+ Qxd7 11. Qd2 exd5 12. Bxf6 Bxf6 13. exd5 Bxc3 14. Qxc3 Nxd5 15. Qe5+ Kf8 16. Ne2 Re8 17. Qd4 Qb5 0-1

[Event "EU Ch U18"]
[Site "Vejen DEN"]
[Date "1993.??.??"]
[Round "6"]
[White "Hedman, Erik"]
[Black "Pedersen, Steffen"]
[Result "0-1"]
[WhiteElo "2255"]
[BlackElo "2390"]
[PlyCount "52"]
[EventDate "1993.??.??"]
[Source "www.chesslib.no"]
[SourceDate "2004.05.04"]

1. d4 d5 2. c4 e6 3. Nc3 Nf6 4. Bg5 c5 5. cxd5 cxd4 6. Qxd4 Be7 7. e4 Nc6 8. Qd2 exd5 9. Bxf6 Bxf6 10. exd5 Qe7+ 11. Qe3 Nb4 12. Bb5+ Kf8 13. Rc1 Bf5 14. Qxe7+ Kxe7 15. a3 Nc2+ 16. Kd1 Nd4 17. Ba4 Bg5 18. Ra1 b5 19. Bxb5 Rab8 20. Nf3 Nxf3 21. gxf3 Rhd8 22. Re1+ Kf8 23. Re5 g6 24. Rxf5 gxf5 25. Kc2 Rd6 26. Re1 Rdb6 0-1

[Event "Regensburg op"]
[Site "Regensburg"]
[Date "1996.??.??"]
[Round "2"]
[White "Kniest, Oliver"]
[Black "Inkiov, Ventzislav"]
[Result "1/2-1/2"]
[WhiteElo "2135"]
[BlackElo "2500"]
[PlyCount "91"]
[EventDate "1996.01.??"]
[Source "ChessBase"]

1. c4 e6 2. Nc3 d5 3. d4 Nf6 4. Bg5 c5 5. cxd5 cxd4 6. Qxd4 Be7 7. Rd1 exd5 8. e3 Nc6 9. Qd2 Be6 10. Nf3 O-O 11. Bd3 Qa5 12. O-O h6 13. Bh4 Rfe8 14. Bb1 Ne4 15. Nxe4 dxe4 16. Qxa5 Nxa5 17. Bxe7 exf3 18. Bb4 Nc6 19. Bc3 Bg4 20. Rd2 Rad8 21. Rxd8 Nxd8 22. h3 fxg2 23. Kxg2 Bh5 24. Bc2 Ne6 25. Bd1 Bg6 26. Ba4 Re7 27. Rc1 Ng5 28. h4 Be4+ 29. Kg3 Nf3 30. Bd1 Ne5 31. Bxe5 Rxe5 32. Rc8+ Kh7 33. Rc7 Kg6 34. Kf4 f6 35. f3 Bb1 36. Rxb7 a5 37. Bb3 h5 38. a4 Bd3 39. Rd7 Be2 40. Bf7+ Kh6 41. Bb3 Re8 42. Bc2 Rc8 43. Be4 Bc4 44. Rd2 Rb8 45. Rg2 Bf7 46. Bc6 1/2-1/2

[Event "Novy Smokovec"]
[Site "Novy Smokovec"]
[Date "1971.??.??"]
[Round "11"]
[White "Flesch, Janos"]
[Black "Novak, Ivan"]
[Result "1/2-1/2"]
[WhiteElo "2430"]
[BlackElo "2200"]
[PlyCount "72"]
[EventDate "1971.??.??"]
[Source "ChessBase"]

1. c4 e6 2. d4 d5 3. Nc3 Nf6 4. Bg5 c5 5. cxd5 cxd4 6. Qa4+ Qd7 7. Qxd4 Nc6 8. Qd2 Nxd5 9. Nxd5 Qxd5 10. Qxd5 exd5 11. Nf3 d4 12. g3 Bb4+ 13. Bd2 Bxd2+ 14. Kxd2 O-O 15. Bg2 Bg4 16. Rhc1 Rfe8 17. Rc5 Re7 18. h3 Bd7 19. Ng1 g6 20. Rac1 Rd8 21. a3 Kg7 22. b4 Be8 23. Nf3 f6 24. Ne1 g5 25. Rd5 Rxd5 26. Bxd5 Ne5 27. Nf3 Rd7 28. Nxe5 fxe5 29. Be4 Re7 30. Rc8 b6 31. Rb8 Bb5 32. Rb7 Rxb7 33. Bxb7 h6 34. Bc8 Kf6 35. Bb7 Bd7 36. Bg2 Bf5 1/2-1/2

[Event "Bundesliga 9596"]
[Site "Germany"]
[Date "1996.??.??"]
[Round "?"]
[White "Riedel, Wolfgang"]
[Black "Florath, Patrick"]
[Result "1/2-1/2"]
[WhiteElo "2350"]
[BlackElo "2275"]
[PlyCount "101"]
[EventDate "1995.10.??"]
[Source "ChessBase"]
[SourceDate "1999.07.01"]

1. d4 e6 2. c4 d5 3. Nc3 Nf6 4. Bg5 c5 5. e3 cxd4 6. exd4 Be7 7. Nf3 O-O 8. Bd3 dxc4 9. Bxc4 a6 10. a4 Nc6 11. O-O Nd5 12. Bxd5 exd5 13. Bxe7 Nxe7 14. h3 Qd6 15. Qd2 Bd7 16. Rfe1 Rfe8 17. Ne5 f6 18. Nf3 Nc6 19. a5 Rxe1+ 20. Qxe1 Re8 21. Qd2 Bf5 22. Ra4 Be4 23. Nh2 Bf5 24. Nf1 Be6 25. Ng3 Rc8 26. Nce2 Bd7 27. Nf4 Ne7 28. Ra1 Rc4 29. Qe3 Kf7 30. Nd3 Nf5 31. Nxf5 Bxf5 32. Nc5 Rb4 33. b3 Rb5 34. Re1 Bd7 35. Qc3 b6 36. axb6 Rxb6 37. Qa5 Bc8 38. Qa4 Qc6 39. Qxc6 Rxc6 40. f4 Rb6 41. Kf2 Bb7 42. Ke3 Bc6 43. Kd2 Bb5 44. Kc3 h5 45. f5 h4 46. Kd2 Rb8 47. Ke3 Re8+ 48. Kf2 Rxe1 49. Kxe1 g6 50. fxg6+ Kxg6 51. Kf2 1/2-1/2

[Event "Kecskemet op1"]
[Site "?"]
[Date "1990.??.??"]
[Round "3"]
[White "Marasescu Ioan"]
[Black "Meszaros Gyula"]
[Result "1/2-1/2"]
[WhiteElo "2330"]
[BlackElo "2295"]
[PlyCount "39"]
[EventDate "1990.??.??"]
[Source "www.chesslib.no"]
[SourceDate "2004.05.04"]

1. d4 d5 2. c4 e6 3. Nc3 Nf6 4. Bg5 c5 5. e3 cxd4 6. exd4 Be7 7. Nf3 O-O 8. h4 Nbd7 9. Qc2 b6 10. cxd5 Nxd5 11. Nxd5 exd5 12. Bd3 h6 13. Kf1 Nf6 14. Re1 Be6 15. Ne5 Rc8 16. Qe2 Ne4 17. Bxe7 Qxe7 18. a3 Rfe8 19. Kg1 Nd6 20. g4 1/2-1/2

[Event "It (Open) Bosnjaci SCG"]
[Site "?"]
[Date "2006.01.06"]
[Round "6"]
[White "Glavas Dragan"]
[Black "Budimir Boris"]
[Result "1/2-1/2"]
[WhiteElo "2333"]
[BlackElo "2288"]
[PlyCount "145"]
[EventDate "2006.??.??"]
[Source "www.chesslib.no"]
[SourceDate "2004.05.04"]

1. d4 Nf6 2. c4 e6 3. Nc3 d5 4. Bg5 c5 5. cxd5 cxd4 6. Qa4+ Qd7 7. Qxd7+ Bxd7 8. Bxf6 gxf6 9. Ne4 Bb4+ 10. Kd1 Ke7 11. dxe6 fxe6 12. Nf3 Rd8 13. Ned2 Ba4+ 14. Ke1 Na6 15. a3 Bxd2+ 16. Nxd2 Nc5 17. b4 Nb3 18. Nxb3 Bxb3 19. h4 Rac8 20. Rh3 Rc3 21. Rd3 e5 22. e3 Rxd3 23. Bxd3 dxe3 24. Be4 Bd5 25. f3 Bxe4 26. fxe4 Rd4 27. Rc1 Kd7 28. Ke2 Rxe4 29. g3 f5 30. Rf1 Ke6 31. Rc1 f4 32. Kf3 Rd4 33. gxf4 Rxf4+ 34. Kxe3 Rxh4 35. Rc7 Kd5 36. Rxb7 Rh3+ 37. Ke2 Rxa3 38. Rxh7 Kd4 39. b5 Ra2+ 40. Ke1 e4 41. Rh3 Kc5 42. Rh5+ Kc4 43. Rh6 Kxb5 44. Re6 Ra4 45. Re5+ Kc6 46. Ke2 Kd6 47. Rh5 Ra3 48. Kd2 a5 49. Ke2 a4 50. Ra5 e3 51. Ra7 Kc5 52. Ra8 Kb4 53. Rb8+ Kc3 54. Rc8+ Kb2 55. Ra8 Kc1 56. Rc8+ Kb1 57. Ra8 Kc2 58. Ra7 Kb1 59. Ra8 Ka1 60. Ra7 Kb1 61. Ra8 Ra2+ 62. Kxe3 a3 63. Kf3 Ra1 64. Ke2 Kc2 65. Rc8+ Kb3 66. Rb8+ Ka2 67. Kd2 Rb1 68. Rc8 Kb2 69. Rb8+ Ka1 70. Rc8 Kb2 71. Rb8+ Ka1 72. Rc8 Rb2+ 73. Kc1 1/2-1/2

[Event "Frydek Mistek op-B"]
[Site "Frydek Mistek CZE"]
[Date "1995.??.??"]
[Round "?"]
[White "Frolik, Martin"]
[Black "Dobrovolsky, Ladislav"]
[Result "1-0"]
[WhiteElo "2240"]
[BlackElo "2380"]
[PlyCount "99"]
[EventDate "1995.??.??"]
[Source "www.chesslib.no"]
[SourceDate "2004.05.04"]

1. d4 d5 2. c4 e6 3. Nc3 Nf6 4. Bg5 c5 5. cxd5 cxd4 6. Qxd4 Be7 7. e3 exd5 8. Nf3 Nc6 9. Qd3 O-O 10. Be2 Qb6 11. Qb5 Qxb5 12. Nxb5 h6 13. Bh4 g5 14. Bg3 Bb4+ 15. Kf1 Be6 16. Nfd4 Nxd4 17. Nxd4 Rac8 18. Bd3 Ne4 19. Ke2 Bd7 20. f3 Nxg3+ 21. hxg3 Rfe8 22. Rxh6 Bc5 23. Kf2 Rxe3 24. Kxe3 Re8+ 25. Kd2 Bxd4 26. Re1 Rxe1 27. Kxe1 Bxb2 28. Ke2 Bc6 29. Rh5 Bc1 30. Rh1 Ba3 31. Rb1 b6 32. Bb5 Bb7 33. g4 Kf8 34. Rd1 Ke7 35. Rh1 Bc8 36. Rh8 Be6 37. Rb8 Kd6 38. Rb7 d4 39. Rxa7 Bb4 40. a3 Bc3 41. a4 Ke5 42. Rb7 Ba5 43. Kd3 f5 44. Bc4 Bxc4+ 45. Kxc4 fxg4 46. fxg4 Kf4 47. Kxd4 Kxg4 48. Ke4 Kg3 49. Rg7 Bd2 50. Rg6 1-0

[Event "Iran(ch)"]
[Site "?"]
[Date "2003.??.??"]
[Round "4.3"]
[White "Ghane Shojaat"]
[Black "Vassalam Mohammad"]
[Result "0-1"]
[WhiteElo "2371"]
[BlackElo "2243"]
[PlyCount "100"]
[EventDate "2003.??.??"]
[Source "www.chesslib.no"]
[SourceDate "2004.05.04"]

1. d4 d5 2. c4 e6 3. Nc3 Nf6 4. Bg5 c5 5. e3 Nc6 6. Nf3 dxc4 7. Bxc4 a6 8. O-O b5 9. Bb3 c4 10. Bc2 Be7 11. e4 b4 12. Na4 O-O 13. Rc1 Bb7 14. Re1 Rc8 15. Bb1 Na5 16. Ne5 Bc6 17. Nxc6 Rxc6 18. Re3 Nb7 19. Rh3 g6 20. Qf3 Qxd4 21. Qe2 Qe5 22. f4 Qd4+ 23. Kh1 Rd8 24. f5 exf5 25. Be3 Qe5 26. exf5 Nd5 27. fxg6 hxg6 28. Qf2 Nxe3 29. Rxe3 Qd4 30. Qe2 Bg5 31. Re8+ Kg7 32. Rxd8 Nxd8 33. Rd1 Re6 34. Qf1 Rf6 35. Qe1 Qf2 36. Be4 Qxe1+ 37. Rxe1 Bd2 38. Rd1 Rf2 39. g3 Ne6 40. Nb6 c3 41. bxc3 bxc3 42. Nc4 Ng5 43. Nxd2 cxd2 44. Bg2 Re2 45. Bf1 Re1 46. Rxd2 Rxf1+ 47. Kg2 Rf5 48. Rd4 Ra5 49. Rd2 Ne4 50. Rc2 Ra3 0-1

[Event "ARG-ch U18"]
[Site "?"]
[Date "2002.08.16"]
[Round "5"]
[White "Perdomo Leandro"]
[Black "Liascovich Lucas"]
[Result "1/2-1/2"]
[WhiteElo "2276"]
[BlackElo "2328"]
[PlyCount "32"]
[EventDate "2002.??.??"]
[Source "www.chesslib.no"]
[SourceDate "2004.05.04"]

1. d4 Nf6 2. c4 e6 3. Nc3 d5 4. Bg5 c5 5. cxd5 cxd4 6. Qa4+ Qd7 7. Qxd4 Nxd5 8. Nxd5 Qxd5 9. Qxd5 exd5 10. O-O-O f6 11. Bf4 Be6 12. e3 Nc6 13. Nf3 Rc8 14. Kb1 Bc5 15. a3 O-O 16. Bd3 Rfd8 1/2-1/2

[Event "RUS-Cup01 Chigorin mem"]
[Site "St Petersburg"]
[Date "1997.11.02"]
[Round "2"]
[White "Bratchenko, Alexander"]
[Black "Sinkevich, Petr"]
[Result "1-0"]
[WhiteElo "2395"]
[BlackElo "2205"]
[PlyCount "137"]
[EventDate "1997.11.01"]
[Source "www.chesslib.no"]
[SourceDate "2004.05.04"]

1. d4 d5 2. c4 e6 3. Nc3 Nf6 4. Bg5 c5 5. cxd5 cxd4 6. Qa4+ Nbd7 7. Qxd4 exd5 8. e3 Be7 9. Nf3 h6 10. Bh4 O-O 11. Be2 Nb8 12. O-O Nc6 13. Qd3 Be6 14. Rfd1 Qb6 15. Qb5 Rfd8 16. Qxb6 axb6 17. Bg3 Bc5 18. Nb5 Ne4 19. Be5 Nxe5 20. Nxe5 Be7 21. Nc7 Ra4 22. Nxe6 fxe6 23. Bg4 Nc5 24. Rd4 Rd6 25. f4 Bf6 26. a3 Ra8 27. Rad1 Bxe5 28. fxe5 Rc6 29. b4 Rxa3 30. bxc5 Rxe3 31. cxb6 Rxb6 32. Rf4 Rxe5 33. Rdf1 Rb2 34. Rf8+ Kh7 35. Re8 Rg5 36. Bf3 Re5 37. h4 h5 38. Rc1 b5 39. Re7 Kg6 40. Rcc7 Re1+ 41. Kh2 Kf6 42. Rxg7 Ke5 43. Bxh5 b4 44. Bf3 b3 45. Rb7 Kd4 46. Rgc7 Rc2 47. Rf7 Kc3 48. Rb6 Re3 49. h5 Kd2 50. h6 Rc8 51. h7 Rh8 52. Bg4 e5 53. Bf5 e4 54. Rg7 Kc1 55. Rg8 Rxh7+ 56. Bxh7 Rc3 57. Rd8 b2 58. Rxd5 b1=Q 59. Rxb1+ Kxb1 60. Bxe4+ Kb2 61. Rd2+ Ka1 62. Bd5 Kb1 63. g4 Kc1 64. Rd4 Re3 65. Be4 Kb2 66. g5 Re1 67. g6 Kc3 68. Ra4 Kb3 69. g7 1-0

[Event "Moravia-chT 9697"]
[Site "?"]
[Date "1997.??.??"]
[Round "?"]
[White "Piza, Vlastimil"]
[Black "Bazant, Petr Sr"]
[Result "1-0"]
[WhiteElo "2290"]
[BlackElo "2310"]
[PlyCount "125"]
[EventDate "1997.??.??"]
[Source "www.chesslib.no"]
[SourceDate "2004.05.04"]

1. d4 d5 2. c4 e6 3. Nc3 Nf6 4. Bg5 c5 5. cxd5 Qb6 6. Bxf6 gxf6 7. e3 Qxb2 8. Bb5+ Bd7 9. Nge2 Bxb5 10. Rb1 Bxe2 11. Nxe2 Qa3 12. O-O Qa6 13. dxe6 fxe6 14. Nf4 h5 15. Qf3 Rh7 16. d5 exd5 17. Nxd5 Rf7 18. Qxh5 Qc6 19. e4 Nd7 20. f4 Rc8 21. Rbd1 Bg7 22. Ne3 c4 23. Nf5 Bf8 24. Qh8 Qc5+ 25. Kh1 Rc6 26. Rd5 Qb6 27. Qh5 Rc7 28. e5 c3 29. Nd6+ Bxd6 30. exd6 Rc6 31. Re1+ Kd8 32. Qxf7 Rxd6 33. Qg8+ Kc7 34. Rxd6 Qxd6 35. Rc1 Nc5 36. Qc4 Kb6 37. Qb4+ Kc6 38. Qxc3 b6 39. Qf3+ Kc7 40. Rd1 Qe6 41. h3 Qxa2 42. Qa8 a5 43. Qd8+ Kb7 44. Qxf6 a4 45. Rd8 a3 46. Kh2 Qb3 47. Qe7+ Ka6 48. Ra8+ Kb5 49. f5 Qb2 50. f6 Qf2 51. Qe5 Kb4 52. f7 Qxf7 53. Qd4+ Kb5 54. Rxa3 Qc7+ 55. Kh1 Qf7 56. Qb2+ Kc6 57. Rf3 Qc7 58. Rf6+ Kb7 59. Qd4 Ka6 60. Qd5 Qe7 61. Rf1 b5 62. Qc6+ Ka5 63. Rb1 1-0

[Event "Odorheiu Secuiesc Open"]
[Site "Odorheiu Secuiesc"]
[Date "1993.??.??"]
[Round "2"]
[White "Dumitrache, Dragos"]
[Black "Racasan, Sebastian"]
[Result "1-0"]
[WhiteElo "2385"]
[BlackElo "2215"]
[PlyCount "54"]
[EventDate "1993.05.??"]
[Source "www.chesslib.no"]
[SourceDate "2004.05.04"]

1. d4 d5 2. c4 e6 3. Nc3 Nf6 4. Bg5 c5 5. e3 cxd4 6. exd4 Be7 7. Nf3 O-O 8. Bd3 a6 9. c5 Nc6 10. a3 b6 11. b4 bxc5 12. bxc5 e5 13. dxe5 Ng4 14. Bxe7 Qxe7 15. Na4 Ncxe5 16. O-O Nxf3+ 17. Qxf3 Be6 18. Nb6 Ra7 19. Rac1 Rd8 20. Rfe1 Rc7 21. Rc2 Nf6 22. Rec1 Nd7 23. Nxd7 Qxd7 24. c6 Qc8 25. Qf4 Ra7 26. Rb2 Re8 27. c7 Qd7 1-0

[Event "Bois Colombes"]
[Site "Bois Colombes"]
[Date "1999.05.02"]
[Round "9"]
[White "Plane, Boris"]
[Black "Inkiov, Ventzislav"]
[Result "0-1"]
[WhiteElo "2132"]
[BlackElo "2466"]
[PlyCount "38"]
[EventDate "1999.04.??"]
[Source "ChessBase"]
[SourceDate "1999.07.10"]

1. d4 Nf6 2. c4 e6 3. Nc3 d5 4. Bg5 c5 5. e3 cxd4 6. exd4 Be7 7. Nf3 O-O 8. Bd3 dxc4 9. Bxc4 a6 10. a3 b5 11. Bb3 Bb7 12. O-O Nc6 13. Re1 Na5 14. Bc2 Nc4 15. Ne5 Rc8 16. Bc1 Nxa3 17. Rxa3 Bxa3 18. bxa3 Rxc3 19. Bb2 Qd5 0-1

[Event "17. Belgrade Trophy"]
[Site "?"]
[Date "2004.11.27"]
[Round "6"]
[White "Jovanovic Zo1"]
[Black "Jokic Miodrag"]
[Result "1-0"]
[WhiteElo "2389"]
[BlackElo "2208"]
[PlyCount "105"]
[EventDate "2004.??.??"]
[Source "www.chesslib.no"]
[SourceDate "2004.05.04"]

1. d4 d5 2. c4 e6 3. Nc3 Nf6 4. Bg5 c5 5. dxc5 Bxc5 6. e3 d4 7. exd4 Bxd4 8. Nb5 e5 9. Nf3 Nc6 10. Bxf6 gxf6 11. Nfxd4 Nxd4 12. Nxd4 exd4 13. Be2 Be6 14. O-O O-O 15. Bd3 f5 16. Qf3 Qf6 17. Qf4 Kh8 18. Rfe1 Rac8 19. Re5 Rg8 20. h3 Rg5 21. g3 Rcg8 22. b3 Rh5 23. Re4 Rxh3 24. Bf1 Rh6 25. Rxd4 Rhg6 26. Be2 b6 27. Rad1 Rg5 28. Bf3 R5g6 29. Kg2 Kg7 30. Rd6 Kh8 31. Rh1 Kg7 32. Re1 Kh8 33. Re2 R6g7 34. Red2 Rg6 35. Rd1 Kg7 36. Rc6 Qb2 37. Rd2 Qf6 38. Rc7 a5 39. Rc6 Qg5 40. Qxg5 Rxg5 41. Rd4 Rb8 42. a4 Kf6 43. Kf1 Ke5 44. Rcd6 Rgg8 45. Ke2 Rgc8 46. Ke3 Rh8 47. Bh5 Rhg8 48. Bxf7 Rxg3+ 49. fxg3 Bxf7 50. Rd7 Be6 51. Rxh7 Rg8 52. Rh3 Kf6 53. Kf2 1-0

[Event "Israel"]
[Site "Israel"]
[Date "1988.??.??"]
[Round "?"]
[White "Elyoseph, Harel"]
[Black "Kaganovski, Michael"]
[Result "1-0"]
[WhiteElo "2300"]
[BlackElo "2290"]
[PlyCount "67"]
[EventDate "1988.??.??"]
[Source "www.chesslib.no"]
[SourceDate "2004.05.04"]

1. d4 d5 2. c4 e6 3. Nc3 Nf6 4. Bg5 c5 5. cxd5 Qb6 6. Bxf6 Qxb2 7. Rc1 gxf6 8. e3 cxd4 9. Bb5+ Bd7 10. Rc2 Qb4 11. Bxd7+ Nxd7 12. dxe6 fxe6 13. exd4 O-O-O 14. Nf3 Kb8 15. O-O Qa5 16. Qe2 Qf5 17. Rb1 Rc8 18. Nh4 Qa5 19. Qxe6 Nb6 20. Qb3 Bd6 21. Nf3 Qf5 22. Rcb2 Rhg8 23. Nb5 Bb4 24. Qxb4 Qxf3 25. g3 Rc6 26. Nxa7 Kxa7 27. Qa5+ Kb8 28. Rxb6 Rxb6 29. Qxb6 Rc8 30. Qb3 Rc3 31. Qg8+ Ka7 32. Qxh7 f5 33. Qd7 Rd3 34. d5 1-0

[Event "Budapest Spring Open"]
[Site "Budapest HUN"]
[Date "1994.??.??"]
[Round "1"]
[White "Oberfrank, Istvan"]
[Black "Meister, Yakov"]
[Result "0-1"]
[WhiteElo "2145"]
[BlackElo "2445"]
[PlyCount "94"]
[EventDate "1994.03.??"]
[Source "www.chesslib.no"]
[SourceDate "2004.05.04"]

1. d4 d5 2. c4 e6 3. Nc3 Nf6 4. Bg5 c5 5. cxd5 cxd4 6. Qxd4 Be7 7. e3 exd5 8. Nf3 O-O 9. Bb5 a6 10. Ba4 Nc6 11. Bxc6 bxc6 12. O-O Rb8 13. b3 h6 14. Bf4 Rb4 15. Qd3 c5 16. Ne5 Bb7 17. Qc2 d4 18. Rfd1 Qa8 19. a3 Rb6 20. Na4 Re6 21. f3 g5 22. Bg3 Nd5 23. Nc4 dxe3 24. Re1 Bc6 25. Be5 Bxa4 26. bxa4 Re8 27. Ra2 Bf6 28. Bxf6 Nxf6 29. Qd3 Qd5 30. Qxd5 Nxd5 31. Rae2 f5 32. Rc1 Nf4 33. Kf1 Nxe2 34. Kxe2 Rd8 35. g3 Rd4 36. Rc2 Kf7 37. a5 f4 38. gxf4 gxf4 39. Rc3 Rd5 40. Rc2 Rg6 41. Nxe3 fxe3 42. Kxe3 Re6+ 43. Kf2 Rc6 44. Kg3 c4 45. f4 c3 46. Kf3 Rd2 47. Rc1 c2 0-1

[Event "Ontario"]
[Site "Ontario"]
[Date "1997.??.??"]
[Round "3"]
[White "Kiviaho, Bob"]
[Black "Nickoloff, Bryon"]
[Result "0-1"]
[WhiteElo "2180"]
[BlackElo "2400"]
[PlyCount "64"]
[EventDate "1997.??.??"]
[Source "www.chesslib.no"]
[SourceDate "2004.05.04"]

1. c4 e6 2. Nc3 d5 3. d4 Nf6 4. Bg5 c5 5. cxd5 cxd4 6. Qa4+ Qd7 7. Qxd4 Nc6 8. Qd2 Nxd5 9. Nxd5 exd5 10. O-O-O f6 11. Bf4 Nb4 12. b3 a5 13. a4 Bd6 14. Bxd6 Qxd6 15. Kb2 Bf5 16. Nf3 Nc2 17. b4 Nxb4 18. Nd4 Bd7 19. e4 dxe4 20. Re1 O-O-O 21. Qc3+ Kb8 22. Bc4 Rc8 23. Rxe4 f5 24. Rh4 g5 25. Rh5 Rxc4 26. Qxc4 Rc8 27. Qxc8+ Kxc8 28. Nb3 Qe5+ 29. Ka3 Nc2+ 30. Ka2 Be6 31. Rh3 Nd4 32. Rc1+ Kb8 0-1

[Event "Extraliga 2004/05"]
[Site "?"]
[Date "2005.02.20"]
[Round "7"]
[White "Frolik Martin"]
[Black "Bazant Petr"]
[Result "1/2-1/2"]
[WhiteElo "2273"]
[BlackElo "2305"]
[PlyCount "83"]
[EventDate "2005.??.??"]
[Source "www.chesslib.no"]
[SourceDate "2004.05.04"]

1. d4 d5 2. c4 e6 3. Nc3 Nf6 4. Bg5 c5 5. e3 cxd4 6. exd4 Be7 7. Nf3 O-O 8. Bd3 Nc6 9. a3 dxc4 10. Bxc4 Nd5 11. Bxe7 Qxe7 12. O-O Nxc3 13. bxc3 b6 14. Re1 Qf6 15. Bd3 Bb7 16. Be4 Rac8 17. Qd3 g6 18. Qe3 Rc7 19. Rac1 Rd8 20. Red1 Na5 21. Bxb7 Nxb7 22. c4 Na5 23. Ne5 h5 24. h3 Nc6 25. f4 Kg7 26. d5 Na5 27. Qf3 exd5 28. cxd5 Qd6 29. Rxc7 Qxc7 30. Qd3 Nb7 31. Nc6 Re8 32. Qd4+ Kg8 33. Nxa7 Nd6 34. Nc6 Re4 35. Qf6 Ne8 36. Qg5 Qd6 37. f5 Kg7 38. fxg6 fxg6 39. Kh1 Nf6 40. Nb4 Re5 41. Qd2 Ne4 42. Qf4 1/2-1/2

[Event "Capablanca mem-C 13th"]
[Site "Cienfuegos City CUB"]
[Date "1976.05.22"]
[Round "6"]
[White "Garces, Napoleon"]
[Black "Pinal, Nelson Borges"]
[Result "0-1"]
[WhiteElo "2260"]
[BlackElo "2315"]
[PlyCount "80"]
[EventDate "1976.05.17"]
[Source "www.chesslib.no"]
[SourceDate "2004.05.04"]

1. d4 d5 2. c4 e6 3. Nc3 Nf6 4. Bg5 c5 5. e3 cxd4 6. exd4 Be7 7. Nf3 O-O 8. cxd5 Nxd5 9. Bxe7 Qxe7 10. Bd3 b6 11. O-O Bb7 12. Qd2 Nd7 13. Rad1 Rac8 14. Rfe1 Rfd8 15. Bb1 Nf8 16. Nxd5 Bxd5 17. Re3 Rd6 18. Be4 Qb7 19. Ng5 Rcd8 20. Qc3 h6 21. Bxd5 Rxd5 22. Nf3 Ng6 23. Rc1 Qa6 24. a3 Ne7 25. Re5 R5d7 26. Ree1 Rd5 27. Qc7 R5d7 28. Qc3 Ng6 29. h3 Qb5 30. Rc2 Qf5 31. Rce2 Nf4 32. Re5 Qd3 33. R5e3 Qg6 34. g3 Nd5 35. Ne5 Nxc3 36. Nxg6 Nd5 37. Ne5 Nxe3 38. Nxd7 Nc2 39. Rc1 Nxd4 40. Ne5 Ne2+ 0-1

[Event "CAN Ch"]
[Site "Toronto CAN"]
[Date "1996.??.??"]
[Round "5"]
[White "Taylor, Gordon"]
[Black "Jung, Hans Rudolf"]
[Result "1-0"]
[WhiteElo "2340"]
[BlackElo "2230"]
[PlyCount "128"]
[EventDate "1996.??.??"]
[Source "www.chesslib.no"]
[SourceDate "2004.05.04"]

1. d4 d5 2. c4 e6 3. Nc3 Nf6 4. Bg5 c5 5. e3 cxd4 6. exd4 Bb4 7. Rc1 dxc4 8. Bxc4 O-O 9. Nf3 Nbd7 10. O-O h6 11. Bh4 Be7 12. Ne5 Qa5 13. Re1 Nb6 14. Bb3 Nfd5 15. Nxd5 Nxd5 16. Bxe7 Nxe7 17. Rc5 Qd8 18. Bc2 b6 19. Rc3 Bb7 20. Rg3 f5 21. Bb3 Bd5 22. Ng6 Nxg6 23. Rxg6 Rf6 24. Rxf6 Qxf6 25. Bxd5 exd5 26. Re5 Rd8 27. Qf3 Qc6 28. g3 Qc1+ 29. Kg2 Qc4 30. Qe3 Rf8 31. Re7 f4 32. gxf4 Qc8 33. Kg3 Kh8 34. Qe5 Rg8 35. Re6 Kh7 36. Qxd5 Qc1 37. Qe4+ Kh8 38. Kg2 Qxb2 39. d5 Qxa2 40. Qd4 Kh7 41. Qe4+ Kh8 42. Qe5 Kh7 43. d6 Qd2 44. Re7 Qc2 45. d7 Qg6+ 46. Kf1 Qg4 47. Qd5 Rd8 48. Qe4+ Qg6 49. f5 Qf6 50. Qe6 Qg5 51. f6 Qc1+ 52. Ke2 Qc2+ 53. Ke3 Qc3+ 54. Kf4 Qd2+ 55. Kf3 Qd3+ 56. Kf4 Qd2+ 57. Kg3 Qg5+ 58. Kf3 Qh5+ 59. Qg4 Qxg4+ 60. Kxg4 Kg6 61. fxg7 Kf6 62. Re8 Rxd7 63. g8=Q Rg7+ 64. Qxg7+ Kxg7 1-0